000
00190nam a2200073Ia 4500
008
170817s9999 xx 000 0 und d
100
_a
JOSHI
245
0
_a
SIKSHAN DAKSHATA EVAM SUKSHHM SIKSHAN
260
_b
H.P. BHARGAVE AGRA
999
_c
36334
_d
36334